000 00907nam a22002297a 4500
005 20250728170119.0
008 250728b |||||||| |||| 00| 0 eng d
020 _a978-93-5391-489-9 (pbk)
037 _cTB
040 _aCRL
_cCRL
041 _2hin
_ahin
084 _aO152,1N60x Q9
_qCRL
100 _aनारायण, उदय 'उदय'
_9816728
245 _aमुक्तिकोदय
260 _aकानपुर, भारत:
_bउदय नारायण 'उदय',
_c2019.
300 _a96पृ.
365 _b150.00
_cINR
650 _aहिन्दी कविता
_9816729
650 _aहिन्दी साहित्य
_9816730
942 _2CC
_cTB
_hO152,1N60x Q9
_n0
999 _c1434348
_d1434348